All Cities in Germany with a Population Over 50,000 - Statistics

General Stats
  • This quiz has been taken 36 times
  • The average score is 94 of 195
Answer Stats
Rank State Population Answer % Correct
1 ______ 3,662,000 Berlin
100%
4 North Rhine-Westphalia 1,024,000 Cologne
100%
2 _______ 1,852,000 Hamburg
100%
3 Bavaria 1,489,000 Munich
100%
5 Hesse 750,000 Frankfurt am Main
97%
9 North Rhine-Westphalia 601,000 Dortmund
94%
12 Saxony 563,000 Dresden
94%
160 Brandenburg 57,000 Frankfurt an der Oder
94%
8 Saxony 608,000 Leipzig
94%
7 Baden-Württemberg 613,000 Stuttgart
94%
10 ______ 584,000 Bremen
91%
6 North Rhine-Westphalia 616,000 Düsseldorf
91%
13 Bavaria 527,000 Nuremberg
91%
36 Thuringia 220,000 Erfurt
88%
11 North Rhine-Westphalia 574,000 Essen
88%
29 Schleswig-Holstein 252,000 Kiel
88%
27 North Rhine-Westphalia 264,000 Aachen
85%
14 Lower Saxony 520,000 Hannover
85%
22 North Rhine-Westphalia 307,000 Münster
85%
23 Bavaria 299,000 Augsburg
82%
15 North Rhine-Westphalia 503,000 Duisburg
82%
32 Baden-Württemberg 236,000 Freiburg im Breisgau
82%
20 Baden-Württemberg 316,000 Mannheim
82%
68 ______ 118,000 Bremerhaven
79%
26 North Rhine-Westphalia 267,000 Gelsenkirchen
79%
37 Schleswig-Holstein 217,000 Lübeck
79%
35 Rhineland-Palatinate 224,000 Mainz
79%
39 Mecklenburg-Vorpommern 205,000 Rostock
79%
24 Hesse 287,000 Wiesbaden
79%
16 North Rhine-Westphalia 359,000 Wuppertal
79%
18 North Rhine-Westphalia 332,000 Bielefeld
76%
30 Saxony 245,000 Chemnitz
76%
31 Saxony-Anhalt 242,000 Magdeburg
76%
56 Bavaria 150,000 Regensburg
76%
64 Baden-Württemberg 129,000 Ulm
76%
17 North Rhine-Westphalia 357,000 Bochum
73%
19 North Rhine-Westphalia 322,000 Bonn
73%
50 Lower Saxony 166,000 Osnabrück
73%
42 Brandenburg 184,000 Potsdam
73%
43 Saarland 181,000 Saarbrücken
73%
60 Bavaria 132,000 Würzburg
73%
117 Brandenburg 74,000 Brandenburg an der Havel
70%
28 Lower Saxony 254,000 Braunschweig
70%
97 Baden-Württemberg 87,000 Konstanz
70%
25 North Rhine-Westphalia 268,000 Mönchengladbach
70%
45 Lower Saxony 176,000 Oldenburg
70%
82 Mecklenburg-Vorpommern 98,000 Schwerin
70%
76 Rhineland-Palatinate 104,000 Trier
70%
51 Hesse 165,000 Darmstadt
67%
54 Baden-Württemberg 155,000 Heidelberg
67%
74 Thuringia 110,000 Jena
67%
79 Rhineland-Palatinate 101,000 Kaiserslautern
67%
21 Baden-Württemberg 308,000 Karlsruhe
67%
48 North Rhine-Westphalia 168,000 Leverkusen
67%
46 Rhineland-Palatinate 176,000 Ludwigshafen am Rhein
67%
38 North Rhine-Westphalia 214,000 Oberhausen
67%
63 Lower Saxony 129,000 Wolfsburg
67%
66 North Rhine-Westphalia 119,000 Bottrop
64%
61 Bavaria 132,000 Fürth
64%
41 North Rhine-Westphalia 191,000 Hagen
64%
34 Saxony-Anhalt 228,000 Halle
64%
44 North Rhine-Westphalia 179,000 Hamm
64%
57 Bavaria 140,000 Ingolstadt
64%
40 Hesse 197,000 Kassel
64%
59 Hesse 132,000 Offenbach am Main
64%
163 Baden-Württemberg 56,000 Baden-Baden
61%
73 North Rhine-Westphalia 111,000 Bergisch Gladbach
61%
70 Bavaria 115,000 Erlangen
61%
85 Schleswig-Holstein 96,000 Flensburg
61%
62 Baden-Württemberg 132,000 Heilbronn
61%
52 North Rhine-Westphalia 157,000 Paderborn
61%
67 Lower Saxony 119,000 Reutlingen
61%
92 Baden-Württemberg 92,000 Tübingen
61%
87 Brandenburg 95,000 Cottbus
58%
86 Thuringia 96,000 Gera
58%
65 Lower Saxony 127,000 Göttingen
58%
33 North Rhine-Westphalia 230,000 Krefeld
58%
49 North Rhine-Westphalia 166,000 Solingen
58%
99 Rhineland-Palatinate 86,000 Worms
58%
53 North Rhine-Westphalia 156,000 Herne
55%
89 Baden-Württemberg 93,000 Ludwigsburg
55%
55 North Rhine-Westphalia 155,000 Neuss
55%
77 North Rhine-Westphalia 102,000 Siegen
55%
96 Saxony 88,000 Zwickau
55%
122 Bavaria 73,000 Aschaffenberg
52%
113 Bavaria 75,000 Bamberg
52%
94 Hesse 89,000 Gießen
52%
83 Hesse 97,000 Hanau
52%
47 North Rhine-Westphalia 173,000 Mülheim an der Ruhr
52%
137 Thuringia 66,000 Weimar
52%
84 Baden-Württemberg 96,000 Esslingen am Neckar
48%
81 Lower Saxony 98,000 Hildesheim
48%
72 Rhineland-Palatinate 113,000 Koblenz
48%
78 North Rhine-Westphalia 102,000 Moers
48%
177 Bavaria 53,000 Passau
48%
58 Baden-Württemberg 135,000 Pforzheim
48%
69 North Rhine-Westphalia 115,000 Recklinghausen
48%
134 Hesse 66,000 Fulda
45%
119 Hesse 74,000 Marburg
45%
167 Hesse 55,000 Bad Homburg vor der Höhe
42%
120 Bavaria 73,000 Bayreuth
42%
142 Baden-Württemberg 63,000 Friedrichshafen
42%
80 North Rhine-Westphalia 100,000 Gütersloh
42%
115 Lower Saxony 75,000 Lüneburg
42%
189 Baden-Württemberg 51,000 Ravensburg
42%
71 North Rhine-Westphalia 114,000 Remscheid
42%
75 Lower Saxony 105,000 Salzgitter
42%
121 North Rhine-Westphalia 73,000 Bocholt
39%
129 Lower Saxony 67,000 Celle
39%
109 Saxony-Anhalt 76,000 Dessau-Roßlau
39%
110 Lower Saxony 76,000 Wilhelmshaven
39%
90 North Rhine-Westphalia 92,000 Witten
39%
88 North Rhine-Westphalia 94,000 Düren
36%
93 Baden-Württemberg 89,000 Villingen-Schwenningen
36%
126 Baden-Württemberg 68,000 Aalen
33%
177 North Rhine-Westphalia 53,000 Ahlen
33%
164 Mecklenburg-Vorpommern 56,000 Greifswald
33%
91 North Rhine-Westphalia 92,000 Iserlohn
33%
100 North Rhine-Westphalia 86,000 Lünen
33%
98 North Rhine-Westphalia 87,000 Marl
33%
95 North Rhine-Westphalia 89,000 Ratingen
33%
174 Bavaria 54,000 Schweinfurt
33%
172 Mecklenburg-Vorpommern 54,000 Stralsund
33%
151 North Rhine-Westphalia 60,000 Unna
33%
114 North Rhine-Westphalia 75,000 Arnsberg
30%
185 Baden-Württemberg 51,000 Böblingen
30%
118 North Rhine-Westphalia 74,000 Castrop-Rauxel
30%
116 North Rhine-Westphalia 74,000 Detmold
30%
168 Saxony 55,000 Görlitz
30%
192 Baden-Württemberg 51,000 Heidenheim an der Brenz
30%
148 Mecklenburg-Vorpommern 60,000 Neubrandenburg
30%
179 Rhineland-Palatinate 53,000 Neustadt an der Weinstraße
30%
141 Baden-Württemberg 63,000 Offenberg
30%
138 Bavaria 64,000 Rosenheim
30%
135 Hesse 66,000 Rüsselsheim am Main
30%
106 North Rhine-Westphalia 78,000 Viersen
30%
149 North Rhine-Westphalia 60,000 Wesel
30%
112 North Rhine-Westphalia 76,000 Gladbeck
27%
178 North Rhine-Westphalia 53,000 Kleve
27%
101 North Rhine-Westphalia 84,000 Minden
27%
105 Schleswig-Holstein 79,000 Neumünster
27%
180 Lower Saxony 53,000 Wolfenbüttel
27%
175 Rhineland-Palatinate 54,000 Bad Kreuznach
24%
104 Lower Saxony 82,000 Delmenhorst
24%
108 North Rhine-Westphalia 76,000 Dorsten
24%
153 North Rhine-Westphalia 60,000 Euskirchen
24%
154 Baden-Württemberg 59,000 Göppingen
24%
176 North Rhine-Westphalia 53,000 Hattingen
24%
127 North Rhine-Westphalia 67,000 Herford
24%
147 North Rhine-Westphalia 61,000 Herten
24%
133 Bavaria 66,000 Kempten
24%
191 Baden-Württemberg 51,000 Lörrach
24%
123 North Rhine-Westphalia 71,000 Lüdenscheid
24%
143 Bavaria 62,000 Neu-Ulm
24%
103 Schleswig-Holstein 82,000 Norderstedt
24%
188 Lower Saxony 51,000 Peine
24%
187 Baden-Württemberg 51,000 Rastatt
24%
107 North Rhine-Westphalia 77,000 Rheine
24%
128 North Rhine-Westphalia 67,000 Dinslaken
21%
156 North Rhine-Westphalia 57,000 Eschweiler
21%
181 North Rhine-Westphalia 52,000 Frechen
21%
144 North Rhine-Westphalia 62,000 Hürth
21%
124 Bavaria 69,000 Landshut
21%
182 North Rhine-Westphalia 52,000 Menden
21%
132 Saxony 66,000 Plauen
21%
146 Baden-Württemberg 61,000 Sindelfingen
21%
111 North Rhine-Westphalia 76,000 Troisdorf
21%
158 Baden-Württemberg 57,000 Waiblingen
21%
171 Hesse 54,000 Wetzlar
21%
139 North Rhine-Westphalia 64,000 Dormagen
18%
150 Lower Saxony 60,000 Garbsen
18%
136 North Rhine-Westphalia 66,000 Grevenbroich
18%
183 North Rhine-Westphalia 52,000 Ibbenbüren
18%
166 Lower Saxony 56,000 Lingen
18%
130 Rhineland-Palatinate 67,000 Neuwied
18%
161 Lower Saxony 57,000 Nordhorn
18%
140 Baden-Württemberg 64,000 Schwäbisch Gmünd
18%
157 North Rhine-Westphalia 57,000 Stolberg
18%
145 North Rhine-Westphalia 61,000 Bergheim
15%
193 North Rhine-Westphalia 50,000 Gronau
15%
155 Lower Saxony 58,000 Hameln
15%
131 North Rhine-Westphalia 67,000 Kerpen
15%
125 North Rhine-Westphalia 69,000 Lippstadt
15%
102 North Rhine-Westphalia 82,000 Velbert
15%
173 North Rhine-Westphalia 54,000 Bad Salzuflen
12%
184 Schleswig-Holstein 51,000 Elmshorn
12%
186 North Rhine-Westphalia 51,000 Gummersbach
12%
169 North Rhine-Westphalia 55,000 Hilden
12%
152 North Rhine-Westphalia 60,000 Langenfeld
12%
170 Lower Saxony 54,000 Langenhagen
12%
165 North Rhine-Westphalia 56,000 Pulheim
12%
190 North Rhine-Westphalia 51,000 Bad Oeynhausen
9%
159 North Rhine-Westphalia 57,000 Meerbusch
9%
162 North Rhine-Westphalia 57,000 Sankt Augustin
9%
194 Baden-Württemberg 50,000 Lahr
6%
No matching quizzes found
Score Distribution
Percent of People with Each Score
Percentile by Number Answered
Your Score History
You have not taken this quiz